| 000 | 00420nam a22001817a 4500 | ||
|---|---|---|---|
| 003 | Ost | ||
| 005 | 20220826213613.0 | ||
| 008 | 220826b |||||||| |||| 00| 0 eng d | ||
| 020 | _aNA | ||
| 040 | _cBT-PhCST | ||
| 050 | _a4133 | ||
| 082 |
_222 _a681.7 |
||
| 100 | _aBolton, W. | ||
| 245 | _aIndustrial control and instrumentation / | ||
| 260 |
_bUniversities Press, _cc2003. |
||
| 300 |
_a0 _bill. ; |
||
| 942 |
_2ddc _cEE |
||
| 999 |
_c1571 _d1571 |
||